| 000 | 00521cam a22001934a 4500 | ||
|---|---|---|---|
| 001 | 1684540 | ||
| 005 | 20241212110130.0 | ||
| 008 | 990203s2000 maua b 001 0 eng | ||
| 020 | _a9780697360700 | ||
| 050 | 0 | 0 |
_aQH308.2 _b.M363 2000 |
| 082 | 0 | 0 |
_a570 _221 |
| 100 | 1 | _aMader, Sylvia S. | |
| 245 | 1 | 0 |
_aInquiry into life / _cSylvia S. Mader. |
| 250 | _a9th ed. | ||
| 260 |
_aBoston : _bMcGraw-Hill, _cc2000. |
||
| 300 |
_a1 v. (various pagings) : _bill. ; _c29 cm. |
||
| 650 | 0 | _aBiology. | |
| 942 |
_2lcc _cBK _e9th ed. _n0 |
||
| 999 |
_c2096 _d2096 |
||